<?xml version="1.0" encoding="UTF-8"?>
<record
    xmlns:xsi="http://www.w3.org/2001/XMLSchema-instance"
    xsi:schemaLocation="http://www.loc.gov/MARC21/slim http://www.loc.gov/standards/marcxml/schema/MARC21slim.xsd"
    xmlns="http://www.loc.gov/MARC21/slim">

  <leader>01100nam a22002297a 4500</leader>
  <controlfield tag="001">2162214035923969</controlfield>
  <controlfield tag="003">UA-OsUOA</controlfield>
  <controlfield tag="005">20260504154430.0</controlfield>
  <controlfield tag="008">230817b        un ||||| |||| 00| 0 ukr d</controlfield>
  <datafield tag="040" ind1=" " ind2=" ">
    <subfield code="a">UA-OsUOA</subfield>
    <subfield code="b">ukr</subfield>
    <subfield code="c">UA-OsUOA</subfield>
    <subfield code="d">UA-OsUOA</subfield>
  </datafield>
  <datafield tag="041" ind1=" " ind2=" ">
    <subfield code="a">ukr</subfield>
  </datafield>
  <datafield tag="080" ind1=" " ind2=" ">
    <subfield code="a">37.01</subfield>
  </datafield>
  <datafield tag="090" ind1=" " ind2=" ">
    <subfield code="a">37.01</subfield>
  </datafield>
  <datafield tag="245" ind1=" " ind2=" ">
    <subfield code="a">&#x423;&#x43A;&#x440;&#x430;&#x457;&#x43D;&#x441;&#x44C;&#x43A;&#x456; &#x434;&#x456;&#x442;&#x438; &#x2014; &#x43D;&#x430;&#x448;&#x435; &#x43C;&#x430;&#x439;&#x431;&#x443;&#x442;&#x43D;&#x454;: &#x434;&#x456;&#x442;&#x438; &#x442;&#x430; &#x43C;&#x43E;&#x43B;&#x43E;&#x434;&#x44C; &#x432; &#x443;&#x43A;&#x440;&#x430;&#x457;&#x43D;&#x441;&#x44C;&#x43A;&#x456;&#x439; &#x43B;&#x456;&#x442;&#x435;&#x440;&#x430;&#x442;&#x443;&#x440;&#x456;</subfield>
    <subfield code="b">&#x437;&#x431;&#x456;&#x440;&#x43D;&#x438;&#x43A; &#x432;&#x438;&#x445;&#x43E;&#x432;&#x43D;&#x438;&#x445; &#x43C;&#x430;&#x442;&#x435;&#x440;&#x456;&#x44F;&#x43B;&#x456;&#x432; &#x456; &#x430;&#x43D;&#x442;&#x43E;&#x43B;&#x43E;&#x433;&#x456;&#x44F;</subfield>
  </datafield>
  <datafield tag="260" ind1=" " ind2=" ">
    <subfield code="a">&#x422;&#x43E;&#x440;&#x43E;&#x43D;&#x442;&#x43E;</subfield>
    <subfield code="b">&#x414;&#x43E;&#x431;&#x440;&#x430; &#x41A;&#x43D;&#x438;&#x436;&#x43A;&#x430;</subfield>
    <subfield code="c">1979</subfield>
  </datafield>
  <datafield tag="300" ind1=" " ind2=" ">
    <subfield code="a">299 &#x441;.</subfield>
  </datafield>
  <datafield tag="650" ind1=" " ind2=" ">
    <subfield code="2">UDC</subfield>
    <subfield code="a">37.01 &#x41E;&#x441;&#x43D;&#x43E;&#x432;&#x438; &#x432;&#x438;&#x445;&#x43E;&#x432;&#x430;&#x43D;&#x43D;&#x44F;. &#x422;&#x435;&#x43E;&#x440;&#x456;&#x44F;. &#x41F;&#x43E;&#x43B;&#x456;&#x442;&#x438;&#x43A;&#x430; &#x442;&#x43E;&#x449;&#x43E;</subfield>
    <subfield code="9">25170</subfield>
  </datafield>
  <datafield tag="700" ind1="1" ind2=" ">
    <subfield code="a">&#x427;&#x443;&#x43C;&#x430;&#x43A; &#x42F;.</subfield>
    <subfield code="e">&#x440;&#x435;&#x434;.</subfield>
    <subfield code="9">25171</subfield>
  </datafield>
  <datafield tag="856" ind1="4" ind2="0">
    <subfield code="u">https://diasporiana.org.ua/miscellaneous/8666-ukrayinski-diti-nashe-maybutnye-zbirnik-vihovnih-materialiv-i-antologiya-diti-ta-molod-v-ukrayinskiy-literaturi/</subfield>
  </datafield>
  <datafield tag="942" ind1=" " ind2=" ">
    <subfield code="2">udc</subfield>
    <subfield code="c">BK</subfield>
  </datafield>
  <datafield tag="999" ind1=" " ind2=" ">
    <subfield code="c">574904</subfield>
    <subfield code="d">574904</subfield>
  </datafield>
  <datafield tag="952" ind1=" " ind2=" ">
    <subfield code="0">0</subfield>
    <subfield code="1">0</subfield>
    <subfield code="2">udc</subfield>
    <subfield code="4">0</subfield>
    <subfield code="7">0</subfield>
    <subfield code="8">C_SOKOLYK_BRYZHUN</subfield>
    <subfield code="a">300</subfield>
    <subfield code="b">300</subfield>
    <subfield code="d">2023-08-17</subfield>
    <subfield code="e">&#x410;&#x43A;&#x442; &#x43D;&#x430;&#x434;&#x445;&#x43E;&#x434;&#x436;&#x435;&#x43D;&#x44C; &#x2116;4/02.08.2023 (&#x432;&#x456;&#x434; &#x421;&#x43E;&#x43A;&#x43E;&#x43B;&#x438;&#x43A;&#x456;&#x432;)</subfield>
    <subfield code="i">2140592</subfield>
    <subfield code="l">0</subfield>
    <subfield code="o">37.01</subfield>
    <subfield code="p">2140592</subfield>
    <subfield code="r">2023-08-17 00:00:00</subfield>
    <subfield code="w">2023-08-17</subfield>
    <subfield code="y">BK</subfield>
  </datafield>
  <datafield tag="952" ind1=" " ind2=" ">
    <subfield code="0">0</subfield>
    <subfield code="1">0</subfield>
    <subfield code="2">udc</subfield>
    <subfield code="4">0</subfield>
    <subfield code="7">0</subfield>
    <subfield code="8">C_SOKOLYK_BRYZHUN</subfield>
    <subfield code="a">300</subfield>
    <subfield code="b">300</subfield>
    <subfield code="d">2026-04-30</subfield>
    <subfield code="e">&#x2116;12/29.04.2026 (&#x406;&#x414;&#x423;&#x414;)</subfield>
    <subfield code="g">1.00</subfield>
    <subfield code="i">300851</subfield>
    <subfield code="l">0</subfield>
    <subfield code="o">37.01</subfield>
    <subfield code="p">300851</subfield>
    <subfield code="r">2026-04-30 12:31:03</subfield>
    <subfield code="v">1.00</subfield>
    <subfield code="w">2026-04-30</subfield>
    <subfield code="y">BK</subfield>
    <subfield code="z">&#x41E;&#x442;&#x440;&#x438;&#x43C;&#x430;&#x43D;&#x43E; &#x432; &#x434;&#x430;&#x440; &#x432;&#x456;&#x434; &#x41E;&#x43A;&#x441;&#x430;&#x43D;&#x438; &#x411;&#x440;&#x438;&#x437;&#x433;&#x443;&#x43D;-&#x421;&#x43E;&#x43A;&#x43E;&#x43B;&#x438;&#x43A; ; &#x43C;&#x456;&#x441;&#x442;&#x438;&#x442;&#x44C; &#x435;&#x43A;&#x441;&#x43B;&#x456;&#x431;&#x440;&#x438;&#x441; "&#x421;&#x43E;&#x43A;&#x43E;&#x43B;&#x438;&#x43A;&#x456;&#x432;"</subfield>
  </datafield>
</record>
